Pesticide formulation and application system / (Record no. 22174)

MARC details
000 -LEADER
fixed length control field 01206cam a2200313Ia 4500
001 - CONTROL NUMBER
control field u13839
003 - CONTROL NUMBER IDENTIFIER
control field SIRSI
005 - DATE AND TIME OF LATEST TRANSACTION
control field 20180220093721.0
008 - FIXED-LENGTH DATA ELEMENTS--GENERAL INFORMATION
fixed length control field 960715m19939999paua b 001 0 eng d
020 ## - INTERNATIONAL STANDARD BOOK NUMBER
International Standard Book Number 0803118880
039 #9 - LEVEL OF BIBLIOGRAPHIC CONTROL AND CODING DETAIL [OBSOLETE]
Level of rules in bibliographic description 200312221249
Level of effort used to assign nonsubject heading access points nehal
-- 200203190945
-- load
040 ## - CATALOGING SOURCE
Original cataloging agency EAL.
050 ## - LIBRARY OF CONGRESS CALL NUMBER
Classification number SB950.93
Item number P45 1993
245 00 - TITLE STATEMENT
Title Pesticide formulation and application system /
Statement of responsibility, etc. Paul D. Berger, Bala N. Devisetty, and Franklin R. Hall, editors.
260 ## - PUBLICATION, DISTRIBUTION, ETC.
Place of publication, distribution, etc. Philadelphiai :
Name of publisher, distributor, etc. ASTM,
Date of publication, distribution, etc. <1993-- >.
300 ## - PHYSICAL DESCRIPTION
Extent v. <13- > :
Other physical details ill. ;
Dimensions 24 cm.
500 ## - GENERAL NOTE
General note Proceeding of a Conferencce held in Miami, FL on 18-19 Nov. 1992.
500 ## - GENERAL NOTE
General note Sponsored by ASTM Committee E-35 on Pesticides and its Subcommittee E-35.22 on Pesticide Formulation and Application System.
504 ## - BIBLIOGRAPHY, ETC. NOTE
Bibliography, etc. note Includes bibliographical references and index.
596 ## -
-- 1
650 #0 - SUBJECT ADDED ENTRY--TOPICAL TERM
Topical term or geographic name entry element Pesticides
Form subdivision Congresses
700 10 - ADDED ENTRY--PERSONAL NAME
Personal name Berger, Paul D.
700 10 - ADDED ENTRY--PERSONAL NAME
Personal name Devisetty, Bala N.
700 10 - ADDED ENTRY--PERSONAL NAME
Personal name Hall, Franklin R.
710 20 - ADDED ENTRY--CORPORATE NAME
Corporate name or jurisdiction name as entry element ASTM Committee E-35 on Pesticides.
910 ## - USER-OPTION DATA (OCLC)
User-option data sea03/96
942 ## - ADDED ENTRY ELEMENTS (KOHA)
Koha item type Books
Source of classification or shelving scheme Library of Congress Classification
Holdings
Withdrawn status Lost status Source of classification or shelving scheme Damaged status Not for loan Home library Current library Date acquired Total Checkouts Full call number Barcode Date last seen Copy number Price effective from Koha item type
Withdrawn   Library of Congress Classification     Main Main 02/20/2018   SB950.93 P45 1993 VOL.13 0010229 01/26/2025 1 02/20/2018 Books
Withdrawn   Library of Congress Classification     Main Main 02/20/2018   SB950.93 P45 1993 VOL.12 0010233 01/26/2025 1 02/20/2018 Books

Home | About ENAL | Collections | Services | Activities | Calendar | Contact us

7 Nadi El Sayed St., Giza, Egypt | Phone:02-33351121 +02-33351313 | 
| Email: enalegypt@gmail.com